Normal view
MARC view
Entry Geographic Name
001 - CONTROL NUMBER
- control field: 16103
003 - CONTROL NUMBER IDENTIFIER
- control field: BD-RjUL
005 - DATE AND TIME OF LATEST TRANSACTION
- control field: 20250720150200.0
008 - FIXED-LENGTH DATA ELEMENTS
- fixed length control field: 250720|| aca||aabn | a|a d
040 ## - CATALOGING SOURCE
- Original cataloging agency: BD-RjUL
- Transcribing agency: BD-RjUL
151 ## - HEADING--GEOGRAPHIC NAME
- Geographic name: Bangladesh
- General subdivision: History
- Chronological subdivision: Partition, 1947
- Form subdivision: Fiction
670 ## - SOURCE DATA FOUND
- Source citation: Work cat.: (BD-RjUL)85244: আক্তার, মিনু 95802, বাংলাদেশের কথাসাহিত্যে দেশভাগ [ Partition of Bangladesh Fiction ] :, ২০২৪.